Giáo trình giáo dục quốc phòng - an ninh Dùng cho sinh viên các trường Đại học, Cao đẳng T.1

সংরক্ষণ করুন:
গ্রন্থ-পঞ্জীর বিবরন
প্রধান লেখক: Nguyễn, Tiến Hải
অন্যান্য লেখক: Nguyễn, Hữu Hảo
বিন্যাস: গ্রন্থ
ভাষা:Undetermined
প্রকাশিত: H. Giáo dục Việt Nam 2011
বিষয়গুলি:
অনলাইন ব্যবহার করুন:http://lrc.tdmu.edu.vn/opac/search/detail.asp?aID=2&ID=14241
ট্যাগগুলো: ট্যাগ যুক্ত করুন
কোনো ট্যাগ নেই, প্রথমজন হিসাবে ট্যাগ করুন!
Thư viện lưu trữ: Trung tâm Học liệu Trường Đại học Thủ Dầu Một
LEADER 00866nam a2200229Ia 4500
001 TDMU_14241
008 210410s9999 xx 000 0 und d
082 |a 355.0071 
090 |b NG527 
100 |a Nguyễn, Tiến Hải 
245 0 |a Giáo trình giáo dục quốc phòng - an ninh 
245 0 |b Dùng cho sinh viên các trường Đại học, Cao đẳng 
245 0 |c Nguyễn Tiến Hải và [nh. ng. khác] 
245 0 |n T.1 
260 |a H. 
260 |b Giáo dục Việt Nam 
260 |c 2011 
300 |a 215tr. 
650 |a Giáo dục quốc phòng ; Khoa cơ bản; An ninh quốc phòng ; Khoa học quân sự  
700 |a Nguyễn, Hữu Hảo 
856 |u http://lrc.tdmu.edu.vn/opac/search/detail.asp?aID=2&ID=14241 
980 |a Trung tâm Học liệu Trường Đại học Thủ Dầu Một